<?xml version="1.0" encoding="UTF-8"?>
<record
    xmlns:xsi="http://www.w3.org/2001/XMLSchema-instance"
    xsi:schemaLocation="http://www.loc.gov/MARC21/slim http://www.loc.gov/standards/marcxml/schema/MARC21slim.xsd"
    xmlns="http://www.loc.gov/MARC21/slim">

  <leader>00859nam2a2200205   4500</leader>
  <controlfield tag="001">RU\NLR\BIBL_A\022138632</controlfield>
  <controlfield tag="005">20250625135210.0</controlfield>
  <datafield tag="035" ind1=" " ind2=" ">
    <subfield code="a">(NLR Aleph) 022138632</subfield>
  </datafield>
  <datafield tag="090" ind1=" " ind2=" ">
    <subfield code="a">12858337</subfield>
    <subfield code="c">12858337</subfield>
  </datafield>
  <datafield tag="100" ind1=" " ind2=" ">
    <subfield code="a">20240215d2014    |||y0rusy50      ca</subfield>
  </datafield>
  <datafield tag="101" ind1="0" ind2=" ">
    <subfield code="a">rus</subfield>
  </datafield>
  <datafield tag="102" ind1=" " ind2=" ">
    <subfield code="a">RU</subfield>
  </datafield>
  <datafield tag="200" ind1="0" ind2=" ">
    <subfield code="a">2014, &#x43E;&#x441;&#x435;&#x43D;&#x44C;</subfield>
  </datafield>
  <datafield tag="210" ind1=" " ind2=" ">
    <subfield code="d">2014</subfield>
    <subfield code="a">&#x411;. &#x43C;.</subfield>
  </datafield>
  <datafield tag="461" ind1=" " ind2="0">
    <subfield code="1">001RU\NLR\BIBL_A\022104534</subfield>
    <subfield code="1">2001#$a&#x41F;&#x440;&#x43E;&#x444;&#x435;&#x441;&#x441;&#x438;&#x43E;&#x43D;&#x430;&#x43B;&#x44B; &#x420;&#x43E;&#x441;&#x441;&#x438;&#x438;$e&#x43E;&#x431;&#x449;&#x435;&#x441;&#x442;&#x432;&#x43E;. &#x414;&#x435;&#x43B;&#x43E;&#x432;&#x430;&#x44F; &#x440;&#x435;&#x43F;&#x443;&#x442;&#x430;&#x446;&#x438;&#x44F;. &#x431;&#x438;&#x437;&#x43D;&#x435;&#x441;$e&#x434;&#x435;&#x43B;&#x43E;&#x432;&#x43E;&#x439; &#x436;&#x443;&#x440;&#x43D;&#x430;&#x43B;$v2014, &#x43E;&#x441;&#x435;&#x43D;&#x44C;</subfield>
    <subfield code="9">12757371</subfield>
    <subfield code="c">&#x41C;&#x43E;&#x441;&#x43A;&#x432;&#x430;</subfield>
    <subfield code="d">2014 -</subfield>
    <subfield code="n">&#x41F;&#x440;&#x43E;&#x444;&#x435;&#x441;&#x441;&#x438;&#x43E;&#x43D;&#x430;&#x43B;</subfield>
    <subfield code="o">&#x43E;&#x431;&#x449;&#x435;&#x441;&#x442;&#x432;&#x43E;. &#x414;&#x435;&#x43B;&#x43E;&#x432;&#x430;&#x44F; &#x440;&#x435;&#x43F;&#x443;&#x442;&#x430;&#x446;&#x438;&#x44F;. &#x411;&#x438;&#x437;&#x43D;&#x435;&#x441; : &#x434;&#x435;&#x43B;&#x43E;&#x432;&#x43E;&#x439; &#x436;&#x443;&#x440;&#x43D;&#x430;&#x43B;</subfield>
    <subfield code="t">&#x41F;&#x440;&#x43E;&#x444;&#x435;&#x441;&#x441;&#x438;&#x43E;&#x43D;&#x430;&#x43B;&#x44B; &#x420;&#x43E;&#x441;&#x441;&#x438;&#x438;</subfield>
    <subfield code="v">2014, &#x43E;&#x441;&#x435;&#x43D;&#x44C;</subfield>
  </datafield>
  <datafield tag="852" ind1=" " ind2=" ">
    <subfield code="a">NLR</subfield>
    <subfield code="j">&#x41F;23/9708</subfield>
  </datafield>
  <datafield tag="942" ind1=" " ind2=" ">
    <subfield code="c">ISSUE</subfield>
  </datafield>
  <datafield tag="980" ind1=" " ind2=" ">
    <subfield code="a">NB</subfield>
  </datafield>
  <datafield tag="980" ind1=" " ind2=" ">
    <subfield code="a">RUSPER</subfield>
  </datafield>
</record>
